[Event "DOM-ch (Women)"]
[Site "Santo Domingo"]
[Date "2018.03.17"]
[Round "6"]
[White "Alonso Sanchez, Cristal"]
[Black "Moronta Ramos, Dianelva Altagracia"]
[Result "0-1"]
[WhiteElo "1436"]
[BlackElo "1651"]
[PlyCount "34"]
[EventDate "2018.03.09"]
[EventType "swiss"]
[EventRounds "8"]
[EventCountry "DOM"]
[SourceTitle "CBM 183 Extra"]
[Source "ChessBase"]
[SourceDate "2018.04.19"]
[SourceVersion "1"]
[SourceVersionDate "2018.04.19"]
[SourceQuality "1"]

1. d4 Nf6 2. c4 e6 3. Bg5 b6 4. Nf3 Bb7 5. Nc3 Bb4 6. Qb3 c5 7. e3 h6 8. Bh4 g5 9. Bg3 Ne4 10. Bd3 Nxg3 11. fxg3 g4 12. Ne5 Bxg2 13. Rg1 Bb7 14. a3 Bxc3+ 15. Qxc3 h5 16. Rf1 Rf8 17. dxc5 bxc5 0-1

[Event "DOM-ch (Women)"]
[Site "Santo Domingo"]
[Date "2018.03.17"]
[Round "7"]
[White "Calderon Mejia, Yokauri"]
[Black "Alonso Sanchez, Cristal"]
[Result "1-0"]
[WhiteElo "1466"]
[BlackElo "1436"]
[PlyCount "79"]
[EventDate "2018.03.09"]
[EventType "swiss"]
[EventRounds "8"]
[EventCountry "DOM"]
[SourceTitle "CBM 183 Extra"]
[Source "ChessBase"]
[SourceDate "2018.04.19"]
[SourceVersion "1"]
[SourceVersionDate "2018.04.19"]
[SourceQuality "1"]

1. e4 e5 2. Nf3 Nc6 3. Bc4 Nf6 4. Ng5 d5 5. exd5 Nxd5 6. Qf3 Be6 7. Nxe6 fxe6 8. 0-0 Be7 9. Qe2 Qd6 10. Re1 0-0-0 11. Bxd5 Qxd5 12. Nc3 Qc5 13. Qg4 Nd4 14. Re4 Bf6 15. d3 Rd6 16. Be3 Qa5 17. Bxd4 exd4 18. Rxe6 Rxe6 19. Qxe6+ Kd8 20. Qd5+ Qxd5 21. Nxd5 Re8 22. Nxf6 gxf6 23. Kf1 Kd7 24. Re1 Rxe1+ 25. Kxe1 Ke6 26. Ke2 Ke5 27. c3 c5 28. cxd4+ cxd4 29. Kf3 f5 30. h3 h5 31. h4 b5 32. g3 a5 33. b3 a4 34. bxa4 bxa4 35. a3 Kf6 36. Kf4 Ke6 37. Kg5 Ke5 38. Kxh5 Kf6 39. Kh6 Ke6 40. Kg7 1-0

[Event "DOM-ch (Women)"]
[Site "Santo Domingo"]
[Date "2018.03.11"]
[Round "4"]
[White "Paniagua Cabrera, Ericka"]
[Black "Alonso Sanchez, Cristal"]
[Result "0-1"]
[WhiteElo "1448"]
[BlackElo "1436"]
[PlyCount "84"]
[EventDate "2018.03.09"]
[EventType "swiss"]
[EventRounds "8"]
[EventCountry "DOM"]
[SourceTitle "CBM 183 Extra"]
[Source "ChessBase"]
[SourceDate "2018.04.19"]
[SourceVersion "1"]
[SourceVersionDate "2018.04.19"]
[SourceQuality "1"]

1. e4 e5 2. Nf3 Nc6 3. Nc3 Nf6 4. Be2 Be7 5. Ng5 0-0 6. 0-0 d6 7. Bf3 Bg4 8. Qe2 Nd4 9. Qd3 Bxf3 10. Nxf3 Nxf3+ 11. Qxf3 Qd7 12. d3 Rad8 13. Qg3 g6 14. Be3 Nh5 15. Qf3 c5 16. Rad1 f5 17. b3 fxe4 18. Qxe4 Nf6 19. Qf3 d5 20. Na4 d4 21. Bd2 b5 22. Nb2 Ng4 23. Qg3 Bd6 24. f3 e4 25. Qxg4 e3 26. Rfe1 Qxg4 27. fxg4 Rf2 28. Bxe3 dxe3 29. Rxe3 Rxc2 30. Rb1 Rf8 31. Nd1 Rxa2 32. Nc3 Bf4 33. Re4 Rd2 34. Ne2 g5 35. g3 Bd6 36. d4 cxd4 37. Nxd4 Bc5 38. Kh1 Bxd4 39. Rbe1 Rff2 40. Re8+ Kg7 41. R8e7+ Kf6 42. Re8 Rxh2# 0-1